000 00982cam a2200313 a 4500
999 _c4153
_d4153
001 32591139
003 OCoLC
005 20181129152413.0
008 950511s1995 miu b 000 0deng
010 _a95018577
020 _a0310593204 (hardcover)
040 _aDLC
_cDLC
043 _an-us-il
082 _a280
_bH992R
092 _a262.001
_bH992R
100 1 _aHybels, Lynne
245 1 0 _aRediscovering church :
_bthe story and vision of Willow Creek Community Church /
_cLynne & Bill Hybels
260 _aGrand Rapids, Mich. :
_bZondervan Pub. House,
_cc1995
300 _a213 p. ;
_c25 cm
500 _a"Willow Creek resources."
504 _aIncludes bibliographical references
600 1 0 _aHybels, Bill
610 2 0 _aWillow Creek Community Church (South Barrington, Ill.)
650 0 _aChurch growth
_xCase studies
650 0 _aBig churches
_xCase studies
651 0 _aSouth Barrington (Ill.)
_xChurch history
700 1 _aHybels, Bill
942 _2ddc
_cBK